02252nam a2200277 a 4500001001000000005001700010008004100027041000800068044000700076084002600083100004500109245016000154260004500314300003600359500029100395500013100686500011600817500074100933500005301674500001001727650005201737650005601789650003401845650004501879740005001924BRCA_237920190320203800.0071108s1874----sp-#---###---#000-0#spa-u aspa asp a020b.L67c1871 F16151 aCervantes Saavedra, Miguel ded1547-161610aLa primera edición del Ingenioso Hidalgo Don Quijote de la Manchabsegunda parte, reproducida en facsímileccompuesto por Miguel de Cervantes Saavedra. aBarcelonabFrancisco López Fabrac1871 a1 v. (sin paginación)c29 cm. aContenido : Portada con el escudo y el lema Post tenebras spero lucem. Tasa. Aprovación del Dr. Gutierre Cetina. Aprovaciónde M. Joseph Valdivieso. Aprovación del Lic. Marquéz Torres. Privilegio. Prólogo del autor. Dedicatoria del autor al Conde de Lemos. Texto. Fe de erratas aEdición : Reproducida en facsímile por la foto-tipografía y publicado por su inventor el Coronel Francisco López Fabra aFacsímil de : Segunda parte del ingenioso cavallero Don Quixote de la Mancha. Madrid: Juan de la Cuesta, 1615 aPrimer facsímile de la segunda parte de la edición príncipe, elaborado por Francisco López Fabra, en Barcelona, durante los años de 1871-73. Tiene bastantes erratas y, sobre todo, muchas faltas de puntuación. Estando ya hecha la edición príncipe, mando la Inquisición expurgar las palabras que profieren la Duquesa en el capítulo 36: Y advierta Sancho, que las obras de caridad que se hacen tibia y flojamente no tienen mérito, ni valen nada. Pero se escaparon del expurgo algunos ejemplares que habían salido ya de las prensas, y entre ellos el que sirvio al Sr. López Fabra para hacer su fotocopia. Hermoso ejemplar, encuadernado en pergamino; con florones y filetes dorados en lomo y planos Lúdovik Osterc aExistencias : Ejemplar foleado con el número 7 aQM11714aNovela españolayÉpoca clásica, 1500-170014aLiteratura españolayÉpoca clásica, 1500-170014aNovela españolaySiglo XVII14aDon Quijote (Personaje ficticio)eNovela0 aEl Ingenioso Hidalgo Don Quijote de la Mancha